Combien de ville de Centre Val de Loire connais-tu ? - Statistiques

Statistiques générales
  • Ce quiz a été pris 15 fois
  • Le résultat moyen est 91 sur 1757
Statistiques - réponses
Population Département Ville % Correct
119380 37 Tours
100%
66385 45 Orléans
92%
44890 41 Blois
85%
1034 45 Bou
85%
48127 18 Bourges
77%
39143 28 Chartres
77%
39511 36 Châteauroux
77%
25542 28 Dreux
77%
18685 45 Fleury-les-Aubrais
77%
13858 45 Montargis
77%
13259 45 Gien
69%
16307 45 Saran
69%
16151 41 Vendôme
69%
23017 18 Vierzon
69%
12979 28 Châteaudun
62%
31239 37 Joué-lès-Tours
62%
21983 45 Olivet
62%
6273 41 Mer
54%
8875 45 Pithiviers
54%
12583 37 Amboise
46%
7530 45 Beaugency
46%
93 41 Chambord
46%
8286 37 Chinon
46%
11445 36 Issoudun
46%
4160 36 La Châtre
46%
6324 36 Le Blanc
46%
17286 41 Romorantin-Lanthenay
46%
16812 37 Saint-Cyr-sur-Loire
46%
1156 45 Ardon
38%
443 28 Challet
38%
11578 37 Chambray-lès-Tours
38%
7571 36 Déols
38%
7202 45 La Ferté-Saint-Aubin
38%
4632 41 Lamotte-Beuvron
38%
6633 45 Meung-sur-Loire
38%
2294 45 Patay
38%
15220 37 Saint-Avertin
38%
3386 45 Saint-Cyr-en-Val
38%
16787 45 Saint-Jean-de-la-Ruelle
38%
13716 45 Amilly
31%
1841 28 Amilly
31%
5329 18 Aubigny-sur-Nère
31%
4942 37 Château-Renault
31%
36 18 Chaumont
31%
8502 45 Chécy
31%
9360 45 Ingré
31%
2014 28 Jouy
31%
4579 41 La Chaussée-Saint-Victor
31%
273 36 Langé
31%
6660 37 Loches
31%
15409 28 Lucé
31%
1247 41 Neung-sur-Beuvron
31%
2359 41 Nouan-le-Fuzelier
31%
2917 41 Saint-Aignan
31%
21364 45 Saint-Jean-de-Braye
31%
520 18 Saint-Laurent
31%
4977 41 Salbris
31%
4411 41 Selles-sur-Cher
31%
1167 37 Villandry
31%
1995 45 Artenay
23%
3535 37 Azay-le-Rideau
23%
5307 37 Bléré
23%
3292 28 Brou
23%
2077 28
23%
1529 41 Candé-sur-Beuvron
23%
2742 41 Chailles
23%
4068 45 Chaingy
23%
12936 45 Châlette-sur-Loing
23%
8361 45 Châteauneuf-sur-Loire
23%
957 41 Cheverny
23%
1141 41 Chitenay
23%
347 41 Choussy
23%
11062 37 Fondettes
23%
2056 45 Gidy
23%
4732 45 Jargeau
23%
240 45 Laas
23%
9890 45 La Chapelle-Saint-Mesmin
23%
562 41 La Ferté-Beauharnais
23%
1069 41 La Ferté-Saint-Cyr
23%
4381 37 Langeais
23%
4110 28 Le Coudray
23%
2882 36 Levroux
23%
199 41 Loreux
23%
3049 45 Lorris
23%
4522 28 Maintenon
23%
11103 28 Mainvilliers
23%
2976 45 Mardié
23%
734 41 Millançay
23%
111 18 Montlouis
23%
3388 41 Mont-près-Chambord
23%
7821 37 Monts
23%
325 41 Neuvy
23%
9785 28 Nogent-le-Rotrou
23%
4199 45 Ormes
23%
9777 18 Saint-Amand-Montrond
23%
3639 45 Saint-Ay
23%
7808 45 Saint-Denis-en-Val
23%
9866 18 Saint-Doulchard
23%
462 45 Saint-Florent
23%
6449 18 Saint-Florent-sur-Cher
23%
3758 36 Saint-Maur
23%
276 18 Saint-Maur
23%
3068 41 Saint-Ouen
23%
15734 37 Saint-Pierre-des-Corps
23%
1204 41 Saint-Viâtre
23%
1364 41 Selles-Saint-Denis
23%
1055 41 Souesmes
23%
5106 45 Sully-sur-Loire
23%
273 41 Talcy
23%
1259 41 Theillay
23%
2612 28 Toury
23%
1972 36 Vatan
23%
2683 41 Villefranche-sur-Cher
23%
170 36 Villiers
23%
8225 41 Vineuil
23%
1260 36 Vineuil
23%
243 37 Vou
23%
1479 41 Vouzon
23%
1657 28 Yèvres
23%
829 41 Angé
15%
2108 18 Argent-sur-Sauldre
15%
1586 28 Aunay-sous-Auneau
15%
2821 18 Avord
15%
3150 37 Azay-sur-Cher
15%
2077 45 Baule
15%
276 41 Bauzy
15%
2128 45 Beaune-la-Rolande
15%
1149 45 Boiscommun
15%
4739 28 Bonneval
15%
1338 41 Bracieux
15%
5236 45 Briare
15%
987 18 Brinon-sur-Sauldre
15%
4572 36 Buzançais
15%
2457 45 Cepoy
15%
1522 45 Cercottes
15%
2794 36 Chabris
15%
1675 45 Chanteau
15%
457 41 Chaon
15%
1892 45 Châtillon-Coligny
15%
1121 41 Châtres-sur-Cher
15%
1084 41 Chaumont-sur-Tharonne
15%
947 41 Chémery
15%
3860 37 Cinq-Mars-la-Pile
15%
717 18 Clémont
15%
5670 28 Cloyes-les-Trois-Rivières
15%
519 45 Combleux
15%
33 18 Contres
15%
555 41 Couddes
15%
2848 41 Cour-Cheverny
15%
3356 37 Descartes
15%
1226 41 Dhuizon
15%
3302 45 Dordives
15%
1019 41 Droué
15%
1217 36 Écueillé
15%
5623 28 Épernon
15%
3771 45 Ferrières-en-Gâtinais
15%
654 41 Fontaines-en-Sologne
15%
91 36 Fontenay
15%
1202 41 Fresnes
15%
1068 41 Fréteval
15%
2383 41 Gièvres
15%
814 45 Griselles
15%
506 41 Gy-en-Sologne
15%
2577 28 Janville-en-Beauce
15%
1525 45 Jouy-le-Potier
15%
325 37 La Ferrière
15%
984 41 La Ferté-Imbault
15%
339 41 La Marolle-en-Sologne
15%
846 41 Langon-sur-Cher
15%
10306 37 La Riche
15%
251 41 Lassay-sur-Croisne
15%
5669 37 La Ville-aux-Dames
15%
6691 41 Le Controis-en-Sologne
15%
5788 36 Le Poinçonnet
15%
953 36 Le Pont-Chrétien-Chabenet
15%
1935 41 Les Montils
15%
1261 45 Ligny-le-Ribault
15%
580 28 Logron
15%
6817 28 Luisant
15%
390 28 Maisons
15%
1180 28 Marboué
15%
736 41 Marolles
15%
880 41 Mennetou-sur-Cher
15%
1104 41 Meusnes
15%
263 36 Migné
15%
1352 41 Mondoubleau
15%
4694 37 Monnaie
15%
4671 37 Montbazon
15%
644 45 Montereau
15%
645 41 Montrieux-en-Sologne
15%
1265 41 Muides-sur-Loire
15%
1531 41 Mur-de-Sologne
15%
1501 45 Nargis
15%
3576 37 Nazelles-Négron
15%
5023 45 Neuville-aux-Bois
15%
1134 18 Neuvy-sur-Barangeon
15%
3993 28 Nogent-le-Roi
15%
2585 45 Nogent-sur-Vernisson
15%
388 41 Oisly
15%
919 45 Paucourt
15%
851 36 Pellevoisin
15%
752 41 Pierrefitte-sur-Sauldre
15%
517 36 Pruniers
15%
2327 41 Pruniers-en-Sologne
15%
3408 45 Puiseaux
15%
149 41 Rougeou
15%
163 36 Saint-Aubin
15%
1157 41 Saint-Dyé-sur-Loire
15%
4165 37 Sainte-Maure-de-Touraine
15%
2770 41 Saint-Georges-sur-Cher
15%
3255 41 Saint-Gervais-la-Forêt
15%
3174 45 Saint-Hilaire-Saint-Mesmin
15%
9213 45 Saint-Jean-le-Blanc
15%
4302 41 Saint-Laurent-Nouan
15%
375 41 Saint-Loup
15%
4273 45 Sandillon
15%
1071 41 Sassay
15%
1984 41 Savigny-sur-Braye
15%
3308 37 Savonnières
15%
714 45 Sennely
15%
1627 41 Soings-en-Sologne
15%
545 41 Souvigny-en-Sologne
15%
1579 41 Suèvres
15%
1379 45 Tavers
15%
907 36 Thenay
15%
1176 41 Thésée
15%
223 45 Thou
15%
83 18 Thou
15%
423 41 Thoury
15%
2426 45 Tigy
15%
1152 36 Tournon-Saint-Martin
15%
467 37 Tournon-Saint-Pierre
15%
2469 37 Truyes
15%
2398 41 Valencisse
15%
2429 41 Valloire-sur-Cisse
15%
242 37 Varennes
15%
6590 37 Veigné
15%
158 41 Veilleins
15%
987 36 Velles
15%
1998 45 Vennecy
15%
4666 37 Véretz
15%
619 41 Vernou-en-Sologne
15%
12221 28 Vernouillet
15%
3469 41 Veuzain-sur-Loire
15%
490 41 Villeny
15%
1175 41 Villiers-sur-Loir
15%
784 41 Yvoy-le-Marron
15%
201 45 Adon
8%
1410 36 Aigurande
8%
145 28 Allainville
8%
319 28 Allonnes
8%
836 28 Alluyes
8%
268 45 Andonville
8%
3897 36 Ardentes
8%
5055 36 Argenton-sur-Creuse
8%
610 36 Argy
8%
306 18 Arpheuilles
8%
234 36 Arpheuilles
8%
1262 36 Arthon
8%
2793 37 Athée-sur-Cher
8%
6316 28 Auneau-Bleury-Saint-Symphorien
8%
752 41 Authon
8%
439 37 Autrèche
8%
721 45 Autruy-sur-Juine
8%
979 45 Auxy
8%
2232 37 Auzouer-en-Touraine
8%
737 41 Avaray
8%
1969 37 Avoine
8%
889 36 Azay-le-Ferron
8%
1029 41 Azé
8%
454 18 Azy
8%
176 36 Bagneux
8%
8165 37 Ballan-Miré
8%
1840 28 Barjouville
8%
3488 41 Beauce la Romaine
8%
347 28 Beauvilliers
8%
952 36 Bélâbre
8%
1533 45 Bellegarde
8%
1069 41 Billy
8%
1029 18 Blancafort
8%
2150 45 Boigny-sur-Bionne
8%
876 45 Boismorand
8%
110 45 Bordeaux-en-Gâtinais
8%
755 37 Bossay-sur-Claise
8%
266 36 Bouges-le-Château
8%
1073 45 Boulay-les-Barres
8%
3893 37 Bourgueil
8%
208 37 Boussay
8%
1243 45 Bouzy-la-Forêt
8%
127 36 Bretagne
8%
564 45 Bricy
8%
144 41 Briou
8%
187 37 Candes-Saint-Martin
8%
230 41 Cellé
8%
2738 41 Cellettes
8%
939 45 Cerdon
8%
1084 36 Chaillac
8%
328 37 Chambon
8%
164 18 Chambon
8%
3791 28 Champhol
8%
499 45 Chantecoq
8%
711 36 Chasseneuil
8%
1732 37 Château-la-Vallière
8%
2612 28 Châteauneuf-en-Thymerais
8%
1438 18 Châteauneuf-sur-Cher
8%
2139 45 Château-Renard
8%
538 41 Châteauvieux
8%
1713 41 Châtillon-sur-Cher
8%
1104 41 Chaumont-sur-Loire
8%
296 45 Chaussy
8%
126 36 Chazelet
8%
564 37 Chédigny
8%
358 37 Chenonceaux
8%
329 45 Chevannes
8%
2662 45 Chevilly
8%
226 45 Chevry-sous-le-Bignon
8%
182 36 Chitray
8%
536 41 Choue
8%
1228 45 Chuelles
8%
538 36 Ciron
8%
3528 45 Cléry-Saint-André
8%
1013 36 Clion
8%
997 36 Cluis
8%
515 45 Coinces
8%
643 36 Concremiers
8%
365 45 Conflans-sur-Loing
8%
1562 45 Corbeilles
8%
2874 45 Corquilleroy
8%
501 41 Couffy
8%
2310 45 Coullons
8%
445 41 Courbouzon
8%
507 41 Courmemin
8%
266 45 Courtemaux
8%
239 45 Courtempierre
8%
3905 45 Courtenay
8%
2862 28 Courville-sur-Eure
8%
968 45 Cravant
8%
334 45 Crottes-en-Pithiverais
8%
559 41 Crouy-sur-Cosson
8%
572 37 Cussay
8%
460 36 Cuzion
8%
2455 45 Dadonville
8%
1522 28 Dammarie
8%
1448 45 Dampierre-en-Burly
8%
203 28 Dancy
8%
693 41 Danzé
8%
1894 45 Darvoy
8%
113 45 Dimancheville
8%
2911 45 Donnery
8%
465 36 Douadic
8%
1370 45 Douchy-Montcorbon
8%
977 37 Druye
8%
356 45 Égry
8%
1362 36 Éguzon-Chantôme
8%
1263 28 Éole-en-Beauce
8%
1447 45 Épieds-en-Beauce
8%
839 41 Épuisay
8%
552 45 Ervauville
8%
50 45 Escrignelles
8%
6013 37 Esvres
8%
859 28 Faverolles
8%
3848 45 Fay-aux-Loges
8%
1224 45 Férolles
8%
212 28 Flacey
8%
1740 45 Fontenay-sur-Loing
8%
253 36 Fontgombault
8%
1323 41 Fossé
8%
283 36 Gargilesse-Dampierre
8%
258 45 Gaubertin
8%
765 28 Gellainville
8%
608 45 Girolles
8%
317 28 Gohory
8%
327 45 Gondreville
8%
1382 18 Graçay
8%
471 28 Guillonville
8%
615 45 Gy-les-Nonains
8%
1186 41 Herbault
8%
397 36 Heugnes
8%
292 45 Huêtre
8%
1438 37 Huismes
8%
2369 41 Huisseau-sur-Cosson
8%
1755 45 Huisseau-sur-Mauves
8%
3262 28 Illiers-Combray
8%
313 36 Ingrandes
8%
554 45 Ingrannes
8%
558 45 Isdes
8%
413 36 Jeu-les-Bois
8%
120 36 Jeu-Maloches
8%
871 41 Josnes
8%
350 18 La Celle
8%
1188 28 La Chapelle-du-Noyer
8%
423 41 La Chapelle-Montmartin
8%
234 45 La Chapelle-Saint-Sépulcre
8%
3716 18 La Chapelle-Saint-Ursin
8%
827 41 La Chapelle-Vendômoise
8%
509 36 La Châtre-Langlin
8%
2468 37 La Croix-en-Touraine
8%
1400 45 Ladon
8%
3148 45 Lailly-en-Val
8%
463 36 La Pérouille
8%
2519 37 Larçay
8%
769 36 La Vernelle
8%
1276 41 La Ville-aux-Clercs
8%
324 45 Le Bignon-Mirabeau
8%
798 37 Le Boulay
8%
961 28 Le Gué-de-Longroi
8%
8040 45 Le Malesherbois
8%
432 36 Le Menoux
8%
216 18 Le Noyer
8%
62 41 Le Plessis-l'Échelle
8%
1933 45 Les Bordes
8%
907 36 Les Bordes
8%
287 41 Lestiou
8%
3914 28 Les Villages Vovéens
8%
185 36 Le Tranger
8%
5724 28 Lèves
8%
465 36 Lignac
8%
1384 18 Lignières
8%
402 41 Lignières
8%
208 36 Lingé
8%
136 45 Lion-en-Beauce
8%
345 41 Lorges
8%
254 45 Louzouer
8%
1584 36 Luant
8%
1338 36 Luçay-le-Mâle
8%
423 28 Luigny
8%
1283 41 Lunay
8%
228 36 Lurais
8%
264 36 Lureuil
8%
5203 37 Luynes
8%
255 37 Luzé
8%
155 36 Luzeret
8%
751 36 Lye
8%
241 41 Maray
8%
690 41 Marchenoir
8%
733 41 Marcilly-en-Gault
8%
2175 45 Marcilly-en-Villette
8%
1177 41 Mareuil-sur-Cher
8%
486 37 Marray
8%
955 36 Martizay
8%
707 41 Maslives
8%
302 36 Mauvières
8%
682 41 Maves
8%
323 41 Méhers
8%
6527 18 Mehun-sur-Yèvre
8%
1434 45 Ménestreau-en-Villette
8%
1642 18 Menetou-Salon
8%
383 36 Méobecq
8%
101 28 Méréglise
8%
554 36 Mérigny
8%
717 18 Méry-sur-Cher
8%
591 41 Mesland
8%
322 41 Meslay
8%
1001 36 Mézières-en-Brenne
8%
323 45 Mignères
8%
396 45 Mignerette
8%
120 36 Migny
8%
337 28 Montboissier
8%
751 45 Montbouy
8%
1285 45 Montcresson
8%
747 41 Monteaux
8%
105 28 Montharville
8%
649 37 Monthodon
8%
812 41 Monthou-sur-Bièvre
8%
971 41 Monthou-sur-Cher
8%
10469 37 Montlouis-sur-Loire
8%
3874 41 Montoire-sur-le-Loir
8%
319 37 Montrésor
8%
518 28 Montreuil
8%
3707 41 Montrichard Val de Cher
8%
1106 41 Morée
8%
129 45 Mormant-sur-Vernisson
8%
407 36 Mouhet
8%
540 41 Mulsans
8%
132 36 Murs
8%
841 18 Nançay
8%
589 45 Nancray-sur-Rimarde
8%
2478 41 Naveil
8%
376 36 Néons-sur-Creuse
8%
317 28 Neuvy-en-Dunois
8%
1377 45 Neuvy-en-Sullias
8%
1677 36 Neuvy-Saint-Sépulchre
8%
1185 45 Nevoy
8%
1561 36 Niherne
8%
1516 28 Nogent-le-Phaye
8%
462 36 Nohant-Vic
8%
1152 37 Noizay
8%
723 37 Nouans-les-Fontaines
8%
735 45 Noyers
8%
2732 41 Noyers-sur-Cher
8%
298 36 Nuret-le-Ferron
8%
196 36 Obterre
8%
725 37 Orbigny
8%
237 41 Orçay
8%
1724 41 Oucques La Nouvelle
8%
412 36 Oulches
8%
1344 45 Outarville
8%
2671 45 Ouzouer-sur-Loire
8%
807 36 Palluau-sur-Indre
8%
3753 45 Pannes
8%
2541 37 Parçay-Meslay
8%
508 36 Parnac
8%
355 36 Paulnay
8%
2806 28 Pierres
8%
1788 45 Pithiviers-le-Vieil
8%
2458 45 Poilly-lez-Gien
8%
166 28 Poinville
8%
1691 41 Pontlevoy
8%
819 41 Pouillé
8%
835 36 Poulaines
8%
652 36 Pouligny-Notre-Dame
8%
1058 36 Pouligny-Saint-Pierre
8%
441 45 Préfontaines
8%
236 18 Presly
8%
445 18 Preuilly
8%
157 36 Preuilly-la-Ville
8%
1024 37 Preuilly-sur-Claise
8%
597 36 Prissac
8%
849 18 Quincy
8%
1320 45 Rebréchien
8%
2014 36 Reuilly
8%
998 37 Rivarennes
8%
520 36 Rivarennes
8%
3218 37 Rochecorbon
8%
530 36 Rosnay
8%
364 36 Roussines
8%
409 45 Rozoy-le-Vieil
8%
203 45 Ruan
8%
586 36 Ruffec
8%
1425 37 Saché
8%
286 36 Saint-Aigny
8%
1230 41 Saint-Amand-Longpré
8%
2034 45 Saint-Benoît-sur-Loire
8%
983 45 Saint-Brisson-sur-Loire
8%
159 28 Saint-Christophe
8%
359 36 Saint-Christophe-en-Bazelle
8%
1826 41 Saint-Claude-de-Diray
8%
315 36 Saint-Cyran-du-Jambot
8%
2206 28 Saint-Denis-Lanneray
8%
260 36 Sainte-Gemme
8%
777 36 Sainte-Sévère-sur-Indre
8%
470 45 Saint-Firmin-des-Bois
8%
833 41 Saint-Firmin-des-Prés
8%
537 36 Saint-Florentin
8%
957 36 Saint-Genou
8%
2841 28 Saint-Georges-sur-Eure
8%
1926 45 Saint-Germain-des-Prés
8%
1093 45 Saint-Gondon
8%
301 36 Saint-Hilaire-sur-Benaize
8%
548 41 Saint-Jean-Froidmentel
8%
774 41 Saint-Julien-sur-Cher
8%
660 41 Saint-Léonard-en-Beauce
8%
4097 28 Saint-Lubin-des-Joncherets
8%
1529 36 Saint-Marcel
8%
3201 37 Saint-Martin-le-Beau
8%
1278 45 Saint-Martin-sur-Ocre
8%
51 36 Saint-Médard
8%
141 45 Saint-Michel
8%
328 36 Saint-Michel-en-Brenne
8%
1124 37 Saint-Nicolas-de-Bourgueil
8%
221 18 Saint-Outrille
8%
764 45 Saint-Péravy-la-Colombe
8%
1090 28 Saint-Piat
8%
619 36 Saint-Plantaire
8%
6271 45 Saint-Pryvé-Saint-Mesmin
8%
620 37 Saint-Règle
8%
4096 28 Saint-Rémy-sur-Avre
8%
1485 41 Saint-Romain-sur-Cher
8%
269 45 Saint-Sigismond
8%
1885 41 Saint-Sulpice-de-Pommeray
8%
274 36 Saint-Valentin
8%
894 41 Sambin
8%
1369 18 Sancerre
8%
298 41 Santenay
8%
322 28 Santilly
8%
162 36 Saulnay
8%
260 36 Sauzelles
8%
640 45 Sceaux-du-Gâtinais
8%
1024 41 Seigy
8%
3287 45 Semoy
8%
2988 28 Senonches
8%
616 37 Sepmes
8%
385 41 Séris
8%
1702 45 Sermaises
8%
498 41 Seur
8%
482 45 Solterre
8%
2858 37 Sorigny
8%
825 45 Sougy
8%
2123 28 Sours
8%
711 28 Theuville
8%
718 45 Thimory
8%
853 41 Thoré-la-Rochette
8%
145 36 Tilly
8%
294 45 Tivernon
8%
3496 45 Traînou
8%
297 45 Treilles-en-Gâtinais
8%
1289 45 Triguères
8%
310 28 Trizay-lès-Bonneval
8%
4057 18 Trouy
8%
421 28 Umpeau
8%
3584 28 Vald'Yerre
8%
2376 36 Valençay
8%
955 41 Vallières-les-Grandes
8%
622 45 Vannes-sur-Cosson
8%
1508 45 Varennes-Changy
8%
1086 36 Vendœuvres
8%
779 28 Ver-lès-Chartres
8%
1117 28 Vert-en-Drouais
8%
638 45 Vieilles-Maisons-sur-Joudry
8%
2564 41 Villebarou
8%
2713 36 Villedieu-sur-Indre
8%
106 36 Villegongis
8%
437 41 Villeherviers
8%
6999 45 Villemandeur
8%
1381 28 Villemaury
8%
573 45 Villemurlin
8%
211 45 Villevoques
8%
200 41 Villexanton
8%
1101 45 Villorceau
8%
1149 45 Vimory
8%
2308 45 Vitry-aux-Loges
8%
270 28 Voise
8%
3329 37 Vouvray
8%
602 18 Vouzeron
8%
710 45 Yèvre-la-Ville
8%
500 28 Ymonville
8%
1357 37 Yzeures-sur-Creuse
8%
1155 37 Abilly
0%
2455 28 Abondant
0%
367 18 Achères
0%
380 45 Aillant-sur-Milleron
0%
195 18 Ainay-le-Vieil
0%
118 36 Aize
0%
1115 18 Allogny
0%
1095 18 Allouis
0%
1780 37 Ambillou
0%
195 41 Ambloy
0%
908 36 Ambrault
0%
436 37 Anché
0%
2789 28 Anet
0%
327 36 Anjouin
0%
242 18 Annoix
0%
511 37 Antogny-le-Tillac
0%
70 18 Apremont-sur-Allier
0%
502 18 Arçay
0%
2217 28 Arcisses
0%
289 18 Arcomps
0%
209 28 Ardelles
0%
72 28 Ardelu
0%
206 18 Ardenais
0%
786 41 Areines
0%
443 18 Argenvières
0%
331 28 Argenvilliers
0%
2713 37 Artannes-sur-Indre
0%
269 41 Artins
0%
1170 45 Aschères-le-Marché
0%
1111 45 Ascoux
0%
169 37 Assay
0%
154 18 Assigny
0%
210 45 Attray
0%
408 18 Aubinges
0%
183 45 Audeville
0%
232 45 Augerville-la-Rivière
0%
289 18 Augy-sur-Aubois
0%
509 45 Aulnay-la-Rivière
0%
693 28 Aunay-sous-Crécy
0%
451 41 Autainville
0%
1505 28 Authon-du-Perche
0%
951 45 Autry-le-Châtel
0%
341 45 Auvilliers-en-Gâtinais
0%
699 41 Averdon
0%
557 37 Avon-les-Roches
0%
478 37 Avrillé-les-Ponceaux
0%
372 37 Azay-sur-Indre
0%
681 45 Baccon
0%
779 36 Badecon-le-Pin
0%
206 28 Baigneaux
0%
1386 28 Bailleau-Armenonville
0%
1607 28 Bailleau-le-Pin
0%
1176 28 Bailleau-l'Évêque
0%
215 41 Baillou
0%
861 18 Bannay
0%
276 18 Bannegon
0%
366 36 Baraize
0%
350 18 Barlieu
0%
102 28 Barmainville
0%
470 37 Barrou
0%
315 45 Barville-en-Gâtinais
0%
448 45 Batilly-en-Gâtinais
0%
113 45 Batilly-en-Puisaye
0%
427 36 Baudres
0%
243 28 Baudreville
0%
1689 18 Baugy
0%
203 36 Bazaiges
0%
264 28 Bazoches-en-Dunois
0%
1534 45 Bazoches-les-Gallerandes
0%
328 28 Bazoches-les-Hautes
0%
994 45 Bazoches-sur-le-Betz
0%
398 45 Beauchamps-sur-Huillard
0%
283 28 Beauche
0%
161 41 Beauchêne
0%
54 36 Beaulieu
0%
1783 37 Beaulieu-lès-Loches
0%
1793 45 Beaulieu-sur-Loire
0%
2762 37 Beaumont-en-Véron
0%
497 28 Beaumont-les-Autels
0%
1765 37 Beaumont-Louestault
0%
246 37 Beaumont-Village
0%
105 18 Beddes
0%
622 18 Beffes
0%
828 28 Belhomert-Guéhouville
0%
1010 18 Belleville-sur-Loire
0%
930 37 Benais
0%
720 18 Bengy-sur-Craon
0%
991 28 Berchères-les-Pierres
0%
902 28 Berchères-Saint-Germain
0%
862 28 Berchères-sur-Vesgre
0%
341 28 Bérou-la-Mulotière
0%
1208 18 Berry-Bouy
0%
688 37 Berthenay
0%
302 18 Bessais-le-Fromental
0%
122 28 Béthonvilliers
0%
521 37 Betz-le-Château
0%
1695 28 Béville-le-Comte
0%
329 28 Billancelles
0%
668 41 Binas
0%
282 28 Blandainville
0%
566 18 Blet
0%
386 45 Boësses
0%
93 41 Boisseau
0%
517 45 Boisseaux
0%
234 28 Boissy-en-Drouais
0%
487 28 Boissy-lès-Perche
0%
729 28 Boisville-la-Saint-Père
0%
317 36 Bommiers
0%
249 28 Boncé
0%
274 28 Boncourt
0%
428 45 Bondaroy
0%
724 45 Bonnée
0%
73 36 Bonneuil
0%
463 41 Bonneveau
0%
1877 45 Bonny-sur-Loire
0%
331 37 Bossée
0%
404 36 Bouesse
0%
134 41 Bouffry
0%
761 28 Bouglainval
0%
169 45 Bougy-lez-Neuville
0%
322 45 Bouilly-en-Gâtinais
0%
1409 18 Boulleret
0%
281 37 Bournan
0%
187 41 Boursay
0%
1713 28 Boutigny-Prouais
0%
606 28 Bouville
0%
317 18 Bouzais
0%
426 45 Bouzonville-aux-Bois
0%
1362 45 Boynes
0%
315 37 Braslou
0%
297 37 Braye-sous-Faye
0%
198 37 Braye-sur-Maulne
0%
1773 45 Bray-Saint-Aignan
0%
366 28 Bréchamps
0%
215 37 Brèches
0%
1074 18 Brécy
0%
744 37 Bréhémont
0%
98 45 Breteau
0%
173 41 Brévainville
0%
1839 28 Brezolles
0%
622 36 Briantes
0%
547 45 Briarres-sur-Essonne
0%
268 28 Briconville
0%
493 37 Bridoré
0%
530 18 Brinay
0%
613 36 Brion
0%
251 36 Brives
0%
265 37 Brizay
0%
324 45 Bromeilles
0%
916 28 Broué
0%
571 18 Bruère-Allichamps
0%
184 45 Bucy-le-Roi
0%
192 45 Bucy-Saint-Liphard
0%
330 18 Bué
0%
328 37 Bueil-en-Touraine
0%
112 28 Bullainville
0%
491 41 Busloup
0%
355 18 Bussy
0%
237 36 Buxeuil
0%
244 36 Buxières-d'Aillac
0%
1064 37 Cangey
0%
725 36 Ceaulmont
0%
398 36 Celon
0%
411 18 Cerbois
0%
432 37 Céré-la-Ronde
0%
1263 37 Cerelles
0%
91 28 Cernay
0%
446 45 Cernoy-en-Berry
0%
227 45 Césarville-Dossainville
0%
684 45 Chailly-en-Gâtinais
0%
154 36 Chalais
0%
411 18 Chalivoy-Milon
0%
975 45 Chambon-la-Forêt
0%
1270 37 Chambourg-sur-Indre
0%
631 41 Champigny-en-Beauce
0%
826 37 Champigny-sur-Veude
0%
135 36 Champillet
0%
54 45 Champoulet
0%
703 28 Champrond-en-Gâtine
0%
416 28 Champrond-en-Perchet
0%
349 28 Champseru
0%
1157 37 Chançay
0%
123 37 Chanceaux-près-Loches
0%
3574 37 Chanceaux-sur-Choisille
0%
822 37 Channay-sur-Lathan
0%
188 28 Chapelle-Guillaume
0%
299 28 Chapelle-Royale
0%
254 45 Chapelon
0%
258 28 Charbonnières
0%
1349 37 Charentilly
0%
1037 18 Charenton-du-Cher
0%
298 18 Charentonnay
0%
1348 37 Chargé
0%
249 18 Charly
0%
354 45 Charmont-en-Beauce
0%
505 37 Charnizay
0%
307 28 Charonville
0%
942 18 Chârost
0%
660 28 Charpont
0%
625 45 Charsonville
0%
712 28 Chartainvilliers
0%
328 28 Chassant
0%
576 36 Chassignolles
0%
242 18 Chassy
0%
244 28 Châtaincourt
0%
1757 18 Châteaumeillant
0%
236 28 Châtenay
0%
444 45 Châtenoy
0%
280 45 Châtillon-le-Roi
0%
2359 36 Châtillon-sur-Indre
0%
3158 45 Châtillon-sur-Loire
0%
1688 28 Chaudon
0%
286 28 Chauffours
0%
88 18 Chaumoux-Marcilly
0%
227 37 Chaumussay
0%
233 41 Chauvigny-du-Perche
0%
159 18 Chavannes
0%
557 37 Chaveignes
0%
277 36 Chavin
0%
1831 37 Cheillé
0%
736 37 Chemillé-sur-Dême
0%
240 37 Chemillé-sur-Indrois
0%
1856 28 Cherisy
0%
224 18 Chéry
0%
1491 45 Chevillon-sur-Huillard
0%
814 18 Chezal-Benoît
0%
458 36 Chezelles
0%
131 37 Chezelles
0%
2134 45 Chilleurs-aux-Bois
0%
1100 41 Chissay-en-Touraine
0%
594 37 Chisseaux
0%
157 36 Chouday
0%
2092 37 Chouzé-sur-Loire
0%
1115 28 Chuisnes
0%
472 37 Cigogné
0%
396 37 Cinais
0%
458 28 Cintray
0%
427 37 Ciran
0%
911 18 Civray
0%
1838 37 Civray-de-Touraine
0%
208 37 Civray-sur-Esves
0%
241 36 Cléré-du-Bois
0%
1417 37 Cléré-les-Pins
0%
725 28 Clévilliers
0%
35 18 Cogny
0%
902 36 Coings
0%
428 18 Colombiers
0%
934 28 Coltainville
0%
557 28 Combres
0%
278 45 Combreux
0%
173 41 Conan
0%
203 18 Concressault
0%
192 41 Concriers
0%
237 36 Condé
0%
411 28 Conie-Molitard
0%
460 37 Continvoir
0%
365 28 Corancez
0%
239 28 Cormainville
0%
720 41 Cormenon
0%
1576 41 Cormeray
0%
1817 37 Cormery
0%
254 18 Cornusse
0%
206 18 Corquoy
0%
78 45 Cortrat
0%
1909 37 Coteaux-sur-Loire
0%
203 18 Couargues
0%
378 28 Coudray-au-Perche
0%
315 45 Coudroy
0%
552 37 Couesmes
0%
1050 41 Couëtron-au-Perche
0%
554 45 Coulmiers
0%
1367 28 Coulombs
0%
591 41 Coulommiers-la-Tour
0%
135 28 Courbehaye
0%
819 37 Courçay
0%
500 37 Courcelles-de-Touraine
0%
320 45 Courcelles-le-Roi
0%
252 37 Courcoué
0%
455 45 Courcy-aux-Loges
0%
1048 18 Cours-les-Barres
0%
254 41 Cour-sur-Loire
0%
451 18 Coust
0%
375 18 Couy
0%
107 37 Couziers
0%
656 37 Cravant-les-Côteaux
0%
275 28 Crécy-Couvé
0%
719 36 Crevant
0%
59 18 Crézançay-sur-Cher
0%
444 18 Crézancy-en-Sancerre
0%
111 37 Crissay-sur-Manse
0%
441 28 Croisilles
0%
148 18 Croisy
0%
407 18 Crosses
0%
667 37 Crotelles
0%
534 37 Crouzilles
0%
337 36 Crozon-sur-Vauvre
0%
451 28 Crucey-Villages
0%
422 41 Crucheray
0%
1053 18 Cuffy
0%
771 18 Culan
0%
110 28 Dambron
0%
351 37 Dame-Marie-les-Bois
0%
172 45 Dammarie-en-Puisaye
0%
480 45 Dammarie-sur-Loing
0%
205 18 Dampierre-en-Crot
0%
244 18 Dampierre-en-Graçay
0%
452 28 Dampierre-sous-Brou
0%
762 28 Dampierre-sur-Avre
0%
1273 28 Dangeau
0%
440 28 Dangers
0%
796 28 Denonville
0%
177 45 Desmonts
0%
638 37 Dierre
0%
1008 28 Digny
0%
765 36 Diors
0%
265 36 Diou
0%
692 37 Dolus-le-Sec
0%
677 28 Donnemain-Saint-Mamès
0%
752 37 Draché
0%
561 18 Drevant
0%
1264 28 Droue-sur-Drouette
0%
1433 45 Dry
0%
106 36 Dunet
0%
429 36 Dun-le-Poëlier
0%
3679 18 Dun-sur-Auron
0%
397 45 Échilleuses
0%
165 28 Écluzelles
0%
846 28 Écrosnes
0%
578 45 Engenville
0%
216 18 Ennordres
0%
185 28 Épeautrolles
0%
406 37 Épeigné-les-Bois
0%
152 37 Épeigné-sur-Dême
0%
132 41 Épiais
0%
446 18 Épineuil-le-Fleuriel
0%
313 45 Erceville
0%
330 28 Ermenonville-la-Grande
0%
184 28 Ermenonville-la-Petite
0%
247 28 Escorpain
0%
738 45 Escrennes
0%
510 45 Estouy
0%
145 37 Esves-le-Moutier
0%
1034 36 Étrechet
0%
423 18 Étréchy
0%
258 18 Farges-Allichamps
0%
1018 18 Farges-en-Septaine
0%
137 18 Faverdines
0%
156 45 Faverelles
0%
1422 41 Faverolles-sur-Cher
0%
619 28 Favières
0%
228 41 Faye
0%
265 37 Faye-la-Vineuse
0%
32 45 Feins-en-Gâtinais
0%
239 37 Ferrière-Larçon
0%
721 37 Ferrière-sur-Beaulieu
0%
181 28 Fessanvilliers-Mattanvilliers
0%
216 36 Feusines
0%
342 18 Feux
0%
172 18 Flavigny
0%
547 36 Fléré-la-Rivière
0%
2108 18 Foëcy
0%
1731 28 Fontaine-la-Guyon
0%
332 41 Fontaine-les-Coteaux
0%
204 28 Fontaine-les-Ribouts
0%
239 41 Fontaine-Raoul
0%
909 28 Fontaine-Simon
0%
133 28 Fontenay-sur-Conie
0%
1155 28 Fontenay-sur-Eure
0%
251 36 Fontguenand
0%
259 41 Fortan
0%
272 45 Foucherolles
0%
365 36 Fougerolles
0%
280 41 Françay
0%
74 36 Francillon
0%
872 28 Francourville
0%
1418 37 Francueil
0%
506 28 Frazé
0%
72 36 Frédille
0%
298 28 Fresnay-le-Comte
0%
218 28 Fresnay-le-Gilmert
0%
746 28 Fresnay-l'Évêque
0%
186 45 Fréville-du-Gâtinais
0%
256 28 Friaize
0%
389 28 Fruncé
0%
1982 18 Fussy
0%
3687 28 Gallardon
0%
232 28 Garancières-en-Beauce
0%
288 28 Garancières-en-Drouais
0%
130 18 Gardefort
0%
225 18 Garigny
0%
964 28 Garnay
0%
788 28 Gas
0%
1518 28 Gasville-Oisème
0%
254 36 Gehée
0%
217 45 Gémigny
0%
1529 37 Genillé
0%
693 18 Genouilly
0%
331 28 Germainville
0%
749 45 Germigny-des-Prés
0%
300 18 Germigny-l'Exempt
0%
504 28 Gilles
0%
120 36 Giroux
0%
306 18 Givardon
0%
418 45 Givraines
0%
382 37 Gizeux
0%
173 41 Gombergean
0%
695 28 Gommerville
0%
345 28 Gouillons
0%
286 36 Gournay
0%
1326 28 Goussainville
0%
194 45 Grangermont
0%
717 45 Greneville-en-Beauce
0%
136 18 Groises
0%
476 18 Gron
0%
266 18 Grossouvre
0%
675 28 Guainville
0%
537 45 Guigneville
0%
181 28 Guilleville
0%
677 45 Guilly
0%
256 36 Guilly
0%
2725 28 Hanches
0%
322 28 Happonvilliers
0%
134 28 Havelu
0%
1739 18 Henrichemont
0%
983 18 Herry
0%
877 37 Hommes
0%
388 41 Houssay
0%
419 28 Houville-la-Branche
0%
759 28 Houx
0%
424 41 Huisseau-en-Beauce
0%
188 18 Humbligny
0%
283 18 Ids-Saint-Roch
0%
184 18 Ignol
0%
227 18 Ineuil
0%
140 28 Intréville
0%
168 45 Intville-la-Guétard
0%
793 18 Ivoy-le-Pré
0%
804 28 Jallans
0%
275 18 Jalognes
0%
508 18 Jars
0%
424 28 Jaudrais
0%
254 37 Jaulnay
0%
1349 18 Jouet-sur-l'Aubois
0%
267 45 Jouy-en-Pithiverais
0%
429 45 Juranville
0%
209 18 Jussy-Champagne
0%
598 18 Jussy-le-Chaudrier
0%
1234 28 La Bazoche-Gouet
0%
372 36 La Berthenoux
0%
756 28 La Bourdinière-Saint-Loup
0%
796 45 La Bussière
0%
120 36 La Buxerette
0%
198 18 La Celette
0%
194 18 La Celle-Condé
0%
373 37 La Celle-Guenand
0%
1060 37 La Celle-Saint-Avant
0%
297 36 La Champenoise
0%
577 37 La Chapelle-aux-Naux
0%
694 37 La Chapelle-Blanche-Saint-Martin
0%
620 18 La Chapelle-d'Angillon
0%
251 28 La Chapelle-d'Aunainville
0%
213 41 La Chapelle-Enchérie
0%
199 28 La Chapelle-Forainvilliers
0%
173 28 La Chapelle-Fortin
0%
383 18 La Chapelle-Hugon
0%
476 18 La Chapelle-Montlinard
0%
113 45 La Chapelle-Onzerain
0%
98 36 La Chapelle-Orthemale
0%
137 36 La Chapelle-Saint-Laurian
0%
703 41 La Chapelle-Saint-Martin-en-Plaine
0%
628 45 La Chapelle-sur-Aveyron
0%
1467 37 La Chapelle-sur-Loire
0%
160 41 La Chapelle-Vicomtesse
0%
137 18 La Chapelotte
0%
1279 28 La Chaussée-d'Ivry
0%
352 45 La Cour-Marigny
0%
150 28 La Croix-du-Perche
0%
672 36 Lacs
0%
596 28 La Ferté-Vidame
0%
207 41 La Fontenelle
0%
349 28 La Framboisière
0%
180 28 La Gaudaine
0%
131 18 La Groutte
0%
180 37 La Guerche
0%
3185 18 La Guerche-sur-l'Aubois
0%
3400 28 La Loupe
0%
23 41 La Madeleine-Villefrouin
0%
173 28 La Mancelière
0%
331 28 Lamblore
0%
3356 37 La Membrolle-sur-Choisille
0%
70 36 La Motte-Feuilly
0%
481 41 Lancé
0%
123 41 Lancôme
0%
645 28 Landelles
0%
758 41 Landes-le-Gaulois
0%
364 45 La Neuville-sur-Essonne
0%
81 45 Langesse
0%
95 18 Lantan
0%
683 28 Laons
0%
222 18 Lapan
0%
197 18 La Perche
0%
263 28 La Puisaye
0%
541 37 La Roche-Clermault
0%
204 28 La Saucelle
0%
793 45 La Selle-en-Hermoy
0%
1113 45 La Selle-sur-le-Bied
0%
524 37 La Tour-Saint-Gelin
0%
186 41 Lavardin
0%
300 18 Lazenay
0%
995 45 Le Bardon
0%
249 28 Le Boullay-les-Deux-Églises
0%
515 28 Le Boullay-Mivoye
0%
572 28 Le Boullay-Thierry
0%
157 45 Le Charme
0%
944 18 Le Châtelet
0%
267 18 Le Chautay
0%
381 28 Le Favril
0%
336 41 Le Gault-du-Perche
0%
693 28 Le Gault-Saint-Denis
0%
889 37 Le Grand-Pressigny
0%
334 37 Le Liège
0%
529 37 Le Louroux
0%
1056 36 Le Magny
0%
497 37 Lémeré
0%
585 28 Le Mesnil-Simon
0%
337 28 Le Mesnil-Thomas
0%
112 45 Le Moulinet-sur-Solin
0%
89 45 Léouville
0%
1889 36 Le Pêchereau
0%
334 37 Le Petit-Pressigny
0%
157 41 Le Plessis-Dorin
0%
189 41 Le Poislay
0%
152 18 Le Pondy
0%
1097 18 Léré
0%
347 37 Lerné
0%
1909 18 Les Aix-d'Angillon
0%
124 28 Les Autels-Villevillon
0%
110 28 Les Châtelets
0%
148 28 Les Châtelliers-Notre-Dame
0%
535 45 Les Choux
0%
324 28 Les Corvées-les-Yys
0%
100 41 Les Essarts
0%
213 28 Les Étilleux
0%
174 41 Les Hayes
0%
569 37 Les Hermites
0%
171 28 Les Pinthières
0%
132 28 Les Ressuintes
0%
268 41 Les Roches-l'Évêque
0%
1194 18 Le Subdray
0%
186 41 Le Temple
0%
467 28 Le Thieulin
0%
235 28 Léthuin
0%
391 28 Levainville
0%
226 28 Levesville-la-Chenard
0%
1414 18 Levet
0%
109 36 Lignerolles
0%
1328 37 Lignières-de-Touraine
0%
1080 37 Ligré
0%
2139 37 Ligueil
0%
1548 37 L'Île-Bouchard
0%
1285 37 Limeray
0%
168 18 Limeux
0%
330 36 Liniez
0%
400 45 Lion-en-Sullias
0%
201 41 Lisle
0%
233 18 Lissay-Lochy
0%
86 36 Lizeray
0%
474 37 Loché-sur-Indrois
0%
211 28 Loigny-la-Bataille
0%
307 45 Lombreuil
0%
601 45 Lorcy
0%
687 28 Lormaye
0%
691 37 Louans
0%
303 36 Lourdoueix-Saint-Michel
0%
264 36 Lourouer-Saint-Laurent
0%
2571 45 Loury
0%
258 28 Louville-la-Chenard
0%
205 28 Louvilliers-en-Drouais
0%
180 28 Louvilliers-lès-Perche
0%
304 18 Loye-sur-Arnon
0%
141 37 Lublé
0%
105 36 Luçay-le-Libre
0%
33 18 Lugny-Bourbonnais
0%
137 18 Lugny-Champagne
0%
142 28 Lumeau
0%
1606 18 Lunery
0%
393 28 Luplanté
0%
1585 28 Luray
0%
677 18 Lury-sur-Arnon
0%
872 37 Lussault-sur-Loire
0%
972 37 Luzillé
0%
212 36 Lys-Saint-Georges
0%
656 28 Magny
0%
568 37 Maillé
0%
910 28 Maillebois
0%
266 36 Maillet
0%
242 18 Maisonnais
0%
195 36 Malicornay
0%
622 28 Manou
0%
1383 37 Manthelan
0%
309 18 Marçais
0%
537 37 Marçay
0%
242 37 Marcé-sur-Esves
0%
484 28 Marchéville
0%
386 28 Marchezais
0%
350 41 Marcilly-en-Beauce
0%
220 37 Marcilly-sur-Maulne
0%
575 37 Marcilly-sur-Vienne
0%
571 45 Mareau-aux-Bois
0%
1602 45 Mareau-aux-Prés
0%
504 18 Mareuil-sur-Arnon
0%
1790 45 Marigny-les-Usages
0%
619 37 Marigny-Marmande
0%
1966 18 Marmagne
0%
211 28 Marolles-les-Buis
0%
761 36 Mâron
0%
312 45 Marsainvilliers
0%
663 18 Marseilles-lès-Aubigny
0%
1006 28 Marville-Moutiers-Brûlé
0%
1373 18 Massay
0%
841 41 Mazangé
0%
1427 37 Mazières-de-Touraine
0%
515 28 Meaucé
0%
687 18 Meillant
0%
504 45 Melleroy
0%
650 41 Menars
0%
392 18 Menetou-Couture
0%
475 18 Menetou-Râtel
0%
132 36 Menetou-sur-Nahon
0%
323 18 Ménétréol-sous-Sancerre
0%
121 36 Ménétréols-sous-Vatan
0%
204 18 Ménétréol-sur-Sauldre
0%
2675 18 Méreau
0%
179 45 Mérinville
0%
219 28 Mérouville
0%
682 36 Mers-sur-Indre
0%
570 18 Méry-ès-Bois
0%
376 28 Meslay-le-Grenet
0%
541 28 Meslay-le-Vidame
0%
1021 45 Messas
0%
2120 37 Mettray
0%
178 36 Meunet-Planches
0%
197 36 Meunet-sur-Vatan
0%
628 28 Mévoisins
0%
1089 28 Mézières-en-Drouais
0%
261 45 Mézières-en-Gâtinais
0%
861 45 Mézières-lez-Cléry
0%
188 28 Miermaigne
0%
1173 28 Mignières
0%
810 28 Mittainvilliers-Vérigny
0%
168 28 Moinville-la-Jeulin
0%
371 41 Moisy
0%
458 28 Moléans
0%
88 28 Mondonville-Saint-Jean
0%
306 45 Montbarrois
0%
452 36 Montchevrier
0%
1584 36 Montgivray
0%
1834 36 Montierchaume
0%
347 18 Montigny
0%
241 45 Montigny
0%
609 28 Montigny-le-Chartif
0%
258 28 Montigny-sur-Avre
0%
587 36 Montipouret
0%
141 28 Montireau
0%
260 28 Montlandon
0%
105 36 Montlevicq
0%
249 45 Montliard
0%
1331 41 Montlivault
0%
777 37 Montreuil-en-Touraine
0%
150 41 Montrouveau
0%
13 28 Morainville
0%
1956 28 Morancez
0%
355 37 Morand
0%
226 28 Moriers
0%
317 18 Morlac
0%
177 18 Mornay-Berry
0%
429 18 Mornay-sur-Allier
0%
434 18 Morogues
0%
788 18 Morthomiers
0%
170 45 Morville-en-Beauce
0%
139 28 Morvilliers
0%
476 36 Mosnay
0%
825 37 Mosnes
0%
157 28 Mottereau
0%
216 36 Mouhers
0%
141 28 Moulhard
0%
293 36 Moulins-sur-Céphons
0%
867 18 Moulins-sur-Yèvre
0%
193 45 Moulon
0%
244 28 Moutiers
0%
477 37 Mouzay
0%
190 36 Néret
0%
682 28 Néron
0%
1466 18 Nérondes
0%
365 45 Nesploy
0%
440 37 Neuil
0%
675 36 Neuillay-les-Bois
0%
791 37 Neuillé-le-Lierre
0%
2147 37 Neuillé-Pont-Pierre
0%
218 18 Neuilly-en-Dun
0%
253 18 Neuilly-en-Sancerre
0%
295 37 Neuilly-le-Brignon
0%
954 37 Neuville-sur-Brenne
0%
274 18 Neuvy-Deux-Clochers
0%
214 28 Neuvy-en-Beauce
0%
137 18 Neuvy-le-Barrois
0%
1145 37 Neuvy-le-Roi
0%
1182 36 Neuvy-Pailloux
0%
1209 45 Nibelle
0%
525 28 Nogent-sur-Eure
0%
570 18 Nohant-en-Goût
0%
299 18 Nohant-en-Graçay
0%
443 28 Nonvilliers-Grandhoux
0%
4290 37 Notre-Dame-d'Oé
0%
288 28 Nottonville
0%
824 37 Nouâtre
0%
122 41 Nourray
0%
1266 37 Nouzilly
0%
1228 37 Noyant-de-Touraine
0%
222 18 Nozières
0%
282 28 Oinville-Saint-Liphard
0%
360 28 Oinville-sous-Auneau
0%
133 45 Oison
0%
675 18 Oizon
0%
634 28 Ollé
0%
401 45 Ondreville-sur-Essonne
0%
256 18 Orcenais
0%
1014 28 Orgères-en-Beauce
0%
224 28 Ormoy
0%
293 28 Orrouer
0%
723 36 Orsennes
0%
1774 18 Orval
0%
141 36 Orville
0%
124 45 Orville
0%
244 18 Osmery
0%
267 18 Osmoy
0%
534 28 Ouarville
0%
765 28 Ouerre
0%
1217 28 Oulins
0%
620 18 Ourouer-les-Bourdelins
0%
700 45 Ousson-sur-Loire
0%
419 45 Oussoy-en-Gâtinais
0%
553 45 Ouvrouer-les-Champs
0%
281 45 Ouzouer-des-Champs
0%
226 41 Ouzouer-le-Doyen
0%
318 45 Ouzouer-sous-Bellegarde
0%
1137 45 Ouzouer-sur-Trézée
0%
536 28 Oysonville
0%
135 45 Pannecières
0%
623 37 Panzoult
0%
415 18 Parassy
0%
635 37 Parçay-sur-Vienne
0%
54 18 Parnay
0%
439 36 Paudy
0%
236 37 Paulmy
0%
388 36 Pérassay
0%
180 41 Périgny
0%
1461 37 Pernay
0%
273 28 Péronville
0%
1474 37 Perrusson
0%
250 45 Pers-en-Gâtinais
0%
1125 41 Pezou
0%
307 45 Pierrefitte-ès-Bois
0%
1009 18 Pigny
0%
2157 18 Plaimpied-Givaudins
0%
555 18 Plou
0%
1758 37 Pocé-sur-Cisse
0%
219 18 Poisieux
0%
450 28 Poisvilliers
0%
215 36 Pommiers
0%
1228 37 Pont-de-Ruan
0%
1412 28 Pontgouin
0%
366 37 Ports-sur-Vienne
0%
230 36 Pouligny-Saint-Martin
0%
99 28 Poupry
0%
905 37 Pouzay
0%
445 28 Prasville
0%
293 41 Pray
0%
174 36 Préaux
0%
350 18 Précy
0%
302 28 Pré-Saint-Évroult
0%
194 28 Pré-Saint-Martin
0%
253 45 Presnoy
0%
516 45 Pressigny-les-Pins
0%
523 18 Préveranges
0%
225 18 Primelles
0%
270 28 Prudemanche
0%
607 41 Prunay-Cassereau
0%
1092 28 Prunay-le-Gillon
0%
130 28 Puiseux
0%
165 37 Pussigny
0%
484 18 Quantilly
0%
1145 45 Quiers-sur-Bezonde
0%
305 41 Rahart
0%
257 45 Ramoulu
0%
180 18 Raymond
0%
235 37 Razines
0%
101 36 Reboursin
0%
197 28 Réclainville
0%
1309 37 Reignac-sur-Indre
0%
236 18 Reigny
0%
180 41 Renay
0%
1162 37 Restigné
0%
1787 37 Reugny
0%
18 28 Revercourt
0%
207 18 Rezay
0%
119 41 Rhodon
0%
989 18 Rians
0%
1667 37 Richelieu
0%
523 37 Rigny-Ussé
0%
315 37 Rillé
0%
479 41 Rilly-sur-Loire
0%
469 37 Rilly-sur-Vienne
0%
712 37 Rivière
0%
225 41 Rocé
0%
66 41 Roches
0%
128 28 Rohaire
0%
575 28 Roinville
0%
142 41 Romilly
0%
353 28 Rouvray-Saint-Denis
0%
140 45 Rouvray-Sainte-Croix
0%
849 28 Rouvres
0%
273 36 Rouvres-les-Bois
0%
304 45 Rouvres-Saint-Jean
0%
1365 37 Rouziers-de-Touraine
0%
185 45 Rozières-en-Beauce
0%
82 41 Ruan-sur-Egvonne
0%
498 28 Rueil-la-Gadelière
0%
325 36 Sacierges-Saint-Martin
0%
194 18 Sagonne
0%
79 18 Saint-Aignan-des-Noyers
0%
621 45 Saint-Aignan-le-Jaillard
0%
389 18 Saint-Ambroix
0%
286 28 Saint-Ange-et-Torçay
0%
1802 37 Saint-Antoine-du-Rocher
0%
235 36 Saint-Aoustrille
0%
838 36 Saint-Août
0%
323 41 Saint-Arnoult
0%
908 28 Saint-Arnoult-des-Bois
0%
1081 28 Saint-Aubin-des-Bois
0%
342 37 Saint-Aubin-le-Dépeint
0%
360 28 Saint-Avit-les-Guespières
0%
254 18 Saint-Baudel
0%
560 36 Saint-Benoît-du-Sault
0%
863 37 Saint-Benoît-la-Forêt
0%
500 41 Saint-Bohaire
0%
193 28 Saint-Bomer
0%
300 18 Saint-Bouize
0%
2647 37 Saint-Branchs
0%
791 18 Saint-Caprais
0%
18 Saint-Céols
0%
490 36 Saint-Chartier
0%
251 36 Saint-Christophe-en-Boucherie
0%
95 18 Saint-Christophe-le-Chaudry
0%
1115 37 Saint-Christophe-sur-le-Nais
0%
135 36 Saint-Civran
0%
176 41 Saint-Cyr-du-Gault
0%
979 36 Saint-Denis-de-Jouhet
0%
3050 45 Saint-Denis-de-l'Hôtel
0%
294 18 Saint-Denis-de-Palin
0%
150 28 Saint-Denis-des-Puits
0%
895 41 Saint-Denis-sur-Loire
0%
505 41 Sainte-Anne
0%
795 37 Sainte-Catherine-de-Fierbois
0%
268 36 Sainte-Fauste
0%
415 18 Sainte-Gemme-en-Sancerrois
0%
1113 28 Sainte-Gemme-Moronval
0%
1133 45 Sainte-Geneviève-des-Bois
0%
865 28 Saint-Éliph
0%
1153 36 Sainte-Lizaigne
0%
1606 18 Saint-Éloy-de-Gy
0%
102 28 Saint-Éman
0%
172 18 Sainte-Montaine
0%
1574 37 Saint-Épain
0%
1139 18 Sainte-Solange
0%
485 18 Sainte-Thorette
0%
1653 37 Saint-Étienne-de-Chigny
0%
118 41 Saint-Étienne-des-Guérets
0%
512 45 Saint-Firmin-sur-Loire
0%
586 37 Saint-Flovier
0%
1753 36 Saint-Gaultier
0%
1041 37 Saint-Genouph
0%
456 18 Saint-Georges-de-Poisieux
0%
585 36 Saint-Georges-sur-Arnon
0%
614 18 Saint-Georges-sur-la-Prée
0%
711 18 Saint-Georges-sur-Moulon
0%
651 18 Saint-Germain-des-Bois
0%
5077 18 Saint-Germain-du-Puy
0%
379 28 Saint-Germain-le-Gaillard
0%
362 37 Saint-Germain-sur-Vienne
0%
98 36 Saint-Gilles
0%
103 41 Saint-Gourgon
0%
594 18 Saint-Hilaire-de-Court
0%
142 18 Saint-Hilaire-de-Gondilly
0%
497 18 Saint-Hilaire-en-Lignières
0%
678 41 Saint-Hilaire-la-Gravelle
0%
965 45 Saint-Hilaire-les-Andrésis
0%
164 45 Saint-Hilaire-sur-Puiseaux
0%
624 37 Saint-Hippolyte
0%
967 28 Saintigny
0%
97 41 Saint-Jacques-des-Guérets
0%
255 28 Saint-Jean-de-Rebervilliers
0%
270 28 Saint-Jean-Pierre-Fixte
0%
766 37 Saint-Jean-Saint-Germain
0%
157 18 Saint-Jeanvrin
0%
765 41 Saint-Julien-de-Chédon
0%
665 18 Saint-Just
0%
417 36 Saint-Lactencin
0%
333 37 Saint-Laurent-de-Lin
0%
324 41 Saint-Laurent-des-Bois
0%
942 37 Saint-Laurent-en-Gâtines
0%
458 28 Saint-Laurent-la-Gâtine
0%
277 28 Saint-Léger-des-Aubées
0%
350 18 Saint-Léger-le-Petit
0%
300 18 Saint-Loup-des-Chaumes
0%
404 45 Saint-Loup-des-Vignes
0%
58 28 Saint-Lubin-de-Cravant
0%
948 28 Saint-Lubin-de-la-Haye
0%
790 41 Saint-Lubin-en-Vergonnois
0%
267 28 Saint-Lucien
0%
977 28 Saint-Luperce
0%
1233 45 Saint-Lyé-la-Forêt
0%
410 28 Saint-Maixme-Hauterive
0%
178 41 Saint-Marc-du-Cor
0%
1810 45 Saint-Martin-d'Abbat
0%
2482 18 Saint-Martin-d'Auxigny
0%
1592 28 Saint-Martin-de-Nigelles
0%
584 41 Saint-Martin-des-Bois
0%
304 18 Saint-Martin-des-Champs
0%
491 28 Saint-Maurice-Saint-Germain
0%
864 45 Saint-Maurice-sur-Aveyron
0%
1173 45 Saint-Maurice-sur-Fessard
0%
405 28 Saint-Maur-sur-le-Loir
0%
478 18 Saint-Michel-de-Volangis
0%
251 37 Saint-Nicolas-des-Motets
0%
1000 37 Saint-Ouen-les-Vignes
0%
304 28 Saint-Ouen-Marchefroy
0%
632 18 Saint-Palais
0%
1671 37 Saint-Paterne-Racan
0%
1039 45 Saint-Père-sur-Loire
0%
105 36 Saint-Pierre-de-Jards
0%
294 18 Saint-Pierre-les-Bois
0%
761 18 Saint-Pierre-les-Étieux
0%
2154 28 Saint-Prest
0%
245 18 Saint-Priest-la-Marche
0%
506 37 Saint-Quentin-sur-Indrois
0%
297 41 Saint-Rimay
0%
1306 37 Saint-Roch
0%
1419 18 Saint-Satur
0%
437 18 Saint-Saturnin
0%
942 28 Saint-Sauveur-Marville
0%
532 37 Saint-Senoch
0%
135 18 Saint-Symphorien
0%
507 28 Saint-Victor-de-Buthon
0%
130 18 Saint-Vitte
0%
1034 28 Sainville
0%
647 18 Sancergues
0%
769 28 Sancheville
0%
2930 18 Sancoins
0%
419 28 Sandarville
0%
398 45 Santeau
0%
323 28 Santeuil
0%
415 18 Santranges
0%
1027 41 Sargé-sur-Braye
0%
310 36 Sarzay
0%
91 41 Sasnières
0%
461 36 Sassierges-Saint-Germain
0%
79 18 Saugy
0%
823 28 Saulnières
0%
492 18 Saulzais-le-Potier
0%
506 28 Saumeray
0%
695 37 Saunay
0%
1120 28 Saussay
0%
1345 37 Savigné-sur-Lathan
0%
1133 18 Savigny-en-Sancerre
0%
743 18 Savigny-en-Septaine
0%
1589 37 Savigny-en-Véron
0%
310 36 Sazeray
0%
260 37 Sazilly
0%
503 36 Ségry
0%
214 45 Seichebrières
0%
63 36 Selles-sur-Nahon
0%
827 41 Selommes
0%
2191 37 Semblançay
0%
101 36 Sembleçay
0%
569 28 Senantes
0%
473 18 Senneçay
0%
212 37 Sennevières
0%
415 18 Sens-Beaujeu
0%
542 28 Serazereux
0%
70 18 Serruelles
0%
374 28 Serville
0%
400 37 Seuilly
0%
58 18 Sévry
0%
302 18 Sidiailles
0%
676 45 Sigloy
0%
1429 37 Sonzay
0%
1781 28 Sorel-Moussel
0%
529 28 Souancé-au-Perche
0%
488 41 Sougé
0%
151 36 Sougé
0%
484 28 Soulaires
0%
478 18 Soulangis
0%
903 37 Souvigné
0%
400 37 Souvigny-de-Touraine
0%
609 18 Soye-en-Septaine
0%
186 37 Sublaines
0%
343 18 Subligny
0%
459 45 Sully-la-Chapelle
0%
810 45 Sury-aux-Bois
0%
705 18 Sury-en-Vaux
0%
282 18 Sury-ès-Bois
0%
676 18 Sury-près-Léré
0%
1738 37 Tauxigny-Saint-Bauld
0%
265 37 Tavant
0%
89 18 Tendron
0%
666 36 Tendu
0%
891 28 Terminiers
0%
335 41 Ternay
0%
408 18 Thaumiers
0%
333 18 Thauvenay
0%
293 37 Theneuil
0%
665 18 Thénioux
0%
396 36 Thevet-Saint-Julien
0%
431 45 Thignonville
0%
1803 37 Thilouze
0%
1261 28 Thimert-Gâtelles
0%
992 28 Thiron-Gardais
0%
1075 28 Thivars
0%
348 28 Thiville
0%
293 37 Thizay
0%
241 36 Thizay
0%
191 45 Thorailles
0%
313 28 Tillay-le-Péneux
0%
804 18 Torteron
0%
239 18 Touchay
0%
134 41 Tourailles
0%
1134 41 Tour-en-Sologne
0%
397 45 Tournoisis
0%
168 28 Trancrainville
0%
361 36 Tranzault
0%
2273 28 Tremblay-les-Villages
0%
1446 28 Tréon
0%
218 45 Trinay
0%
446 28 Trizay-Coutretot-Saint-Serge
0%
295 37 Trogues
0%
289 41 Troo
0%
1194 28 Unverre
0%
248 36 Urciers
0%
414 18 Uzay-le-Venon
0%
664 18 Vailly-sur-Sauldre
0%
83 41 Valaire
0%
967 36 Val-Fouzon
0%
528 41 Vallée-de-Ronsard
0%
728 18 Vallenay
0%
1338 37 Vallères
0%
202 28 Varize
0%
1556 18 Vasselay
0%
461 28 Vaupillon
0%
651 18 Veaugues
0%
826 18 Venesmes
0%
315 18 Verdigny
0%
146 18 Vereaux
0%
189 18 Vernais
0%
34 18 Verneuil
0%
126 37 Verneuil-le-Château
0%
340 36 Verneuil-sur-Igneraie
0%
483 37 Verneuil-sur-Indre
0%
2815 37 Vernou-sur-Brenne
0%
561 18 Vesdun
0%
384 36 Veuil
0%
298 28 Vichères
0%
320 36 Vicq-Exemplet
0%
723 36 Vicq-sur-Nahon
0%
1976 45 Vienne-en-Val
0%
118 28 Vierville
0%
460 28 Vieuvicq
0%
464 41 Vievy-le-Rayé
0%
879 45 Viglain
0%
736 18 Vignoux-sous-les-Aix
0%
2158 18 Vignoux-sur-Barangeon
0%
99 36 Vigoulant
0%
469 36 Vigoux
0%
295 36 Vijon
0%
588 18 Villabon
0%
1044 37 Villaines-les-Rochers
0%
284 45 Villamblain
0%
306 28 Villampuy
0%
173 28 Villars
0%
126 41 Villavard
0%
63 28 Villebon
0%
309 37 Villebourg
0%
113 41 Villebout
0%
82 18 Villecelin
0%
264 41 Villechauve
0%
395 41 Villedieu-le-Château
0%
123 37 Villedômain
0%
1349 37 Villedômer
0%
430 41 Villefrancœur
0%
216 18 Villegenon
0%
317 36 Villegouin
0%
585 37 Villeloin-Coulangé
0%
275 41 Villemardy
0%
1721 28 Villemeux-sur-Eure
0%
489 45 Villemoutiers
0%
64 41 Villeneuve-Frouville
0%
415 18 Villeneuve-sur-Cher
0%
202 45 Villeneuve-sur-Conie
0%
878 36 Villentrois-Faverolles-en-Berry
0%
1081 37 Villeperdue
0%
153 41 Villeporcher
0%
467 18 Villequiers
0%
511 41 Villerable
0%
826 41 Villerbon
0%
400 45 Villereau
0%
397 41 Villermain
0%
233 41 Villeromain
0%
321 41 Villetrun
0%
759 37 Villiers-au-Bouin
0%
251 41 Villiersfaux
0%
1393 28 Villiers-le-Morhier
0%
166 28 Villiers-Saint-Orien
0%
300 18 Vinon
0%
344 28 Vitray-en-Beauce
0%
255 18 Vorly
0%
603 18 Vornay
0%
230 36 Vouillon
0%
826 45 Vrigny
0%
614 28 Yermenonville
0%
574 28 Ymeray
0%
Aucun quiz correspondant
Distribution des résultats
% des personnes avec chaque résultat
Percentile par nombre de réponses
Votre historique - résultats
Vous n’avez pas pris ce quiz